| 000 | 04448nam0a2200481 4500 | ||
|---|---|---|---|
| 001 | RU\NLR\BIBL_A\022124300 | ||
| 005 | 20240410161659.0 | ||
| 010 |
_a978-5-93216-625-3 _9100 |
||
| 021 |
_aRU _bКН-П-23-078874 _9КН-П-23-7968 |
||
| 035 | _a(NLR Aleph) 022124300 | ||
| 035 | _a(RuMoRGB)012438260 | ||
| 090 |
_a12816608 _c12816608 |
||
| 100 | _a20240202d2023 k y0rusy50 ca | ||
| 101 | 0 |
_arus _deng |
|
| 102 | _aRU | ||
| 105 | _aа|||z|||110yy | ||
| 181 | 0 |
_ai3 _baxxe |
|
| 182 | 0 | _an | |
| 200 | 1 |
_aТрадиционные и инновационные подходы к оздоровлению человека в реализации национального проекта "Здоровье нации". Цигун: наука, образование, здоровье _eматериалы Всероссийской научно-практической конференции с международным участием, посвященной 100-летию Министерства спорта Российской Федерации и 20-летию создания кафедры Теории и методики оздоровительных технологий и физической культуры Востока Уральского государственного университета физической культуры, 17-19 ноября 2023 г., г. Челябинск _fМинистерство спорта Российской Федерации, Федеральное государственное бюджетное образовательное учреждение высшего образования "Уральский государственный университет физической культуры" _gпод ред. В. М. Карлышева [и др.] |
|
| 203 |
_aТекст _bвизуальный _cнепосредственный |
||
| 210 |
_aЧелябинск _cУралГУФК _d2023 |
||
| 215 |
_a330 с. _cил., табл. _d21 |
||
| 300 | _aНа обл.: 100 лет, Минспорт России. УралГУФК, 20 лет каф. ТиМ оздоровит. технологий и ФК Востока | ||
| 300 | _aРез. англ. | ||
| 320 | _aБиблиогр. в конце ст. | ||
| 601 | 0 | 2 |
_aУральский государственный университет физической культуры _cЧелябинск, город _bКафедра теории и методики оздоровительных технологий и физической культуры Востока _jСъезды, совещания и т.п _2nlr_sh2 _3RU\NLR\AUTH\6601738659 |
| 606 | 1 |
_aЗдоровье _xВлияние ци-гун _jСъезды, совещания и т.п _2nlr_sh2 _3RU\NLR\AUTH\661455857 |
|
| 606 | 1 |
_aЗдоровье _xВлияние физической культуры и спорта _jСъезды, совещания и т.п _2nlr_sh1 _2nlr_sh2 _3RU\NLR\AUTH\66479459 |
|
| 675 |
_a082 _v4 |
||
| 686 | 1 | _aР359.11я431(2) | |
| 686 | 1 | _aР120.40я431(2) | |
| 686 | 1 | _aЧ516.918ци-гун.я431 | |
| 686 | 1 | _aЧ510.4я431 | |
| 686 | 1 | _aЧ489.534(2)7я431 | |
| 702 | 1 |
_aКарлышев _bВ. М. _gВладимир Михайлович _4340 |
|
| 711 | 1 | 2 |
_a"Традиционные и инновационные подходы к оздоровлению человека в реализации национального проекта "Здоровье нации". Цигун: наука, образование, здоровье", всероссийская научно-практическая конференция с международным участием _f2023 _eЧелябинск _3RU\NLR\AUTH\880605591 |
| 712 | 0 | 2 |
_aУральский государственный университет физической культуры _cЧелябинск _3RU\NLR\AUTH\8810099045 _4475 |
| 942 | _cBOOK | ||
| 980 | _aNB | ||